England National Team Players - Statistics

General Stats
  • This quiz has been taken 22 times
  • The average score is 21 of 35
Answer Stats
Position Club Player % Correct
GK Everton Jordan Pickford
100%
ATT Arsenal Bukayo Saka
89%
GK Crystal Palace Dean Henderson
84%
ATT Bayern Munich Harry Kane
84%
MID Brentford Jordan Henderson
84%
MID Arsenal Declan Rice
79%
ATT Barcelona (loan from Manchester United) Marcus Rashford
79%
DEF Arsenal Ben White
74%
MID Real Madrid Jude Bellingham
74%
MID Manchester City Phil Foden
74%
ATT Newcastle United Anthony Gordon
68%
MID Chelsea Cole Palmer
68%
DEF Aston Villa Ezri Konsa
68%
DEF Manchester United Harry Maguire
63%
GK Manchester City James Trafford
63%
GK Newcastle United (loan from Southampton) Aaron Ramsdale
58%
ATT Tottenham Hotspur Dominic Solanke
58%
DEF AC Milan Fikayo Tomori
58%
DEF Manchester City John Stones
58%
ATT West Ham United Jarrod Bowen
53%
MID Manchester United Kobbie Mainoo
53%
DEF Newcastle United Lewis Hall
53%
ATT Aston Villa Morgan Rogers
53%
DEF Newcastle United Tino Livramento
53%
MID Crystal Palace Adam Wharton
47%
DEF Manchester City Marc Guéhi
47%
ATT Arsenal Noni Madueke
47%
DEF Newcastle United Dan Burn
42%
MID Everton James Garner
42%
MID Manchester City Nico O'Reilly
42%
ATT Leeds United Dominic Calvert-Lewin
37%
MID Nottingham Forest Elliot Anderson
37%
GK Brighton & Hove Albion Jason Steele
32%
DEF Tottenham Hotspur Djed Spence
26%
MID Newcastle United Harvey Barnes
11%
No matching quizzes found
Score Distribution
Percent of People with Each Score
Percentile by Number Answered
Your Score History
You have not taken this quiz